000 00215 a2200097 4500
001 17819
100 _aRollason, E C
245 _aMetallurgy for Engineers
260 _a
_bArnold Publisher
_c
090 _c13171
_d13171
942 _aNUST-CAE
_cM
_c3527
999 _c252892
_d252892